Kapitálový trh a burzy stručný slovník

Salvato in:
Dettagli Bibliografici
Autori principali: Kožehuba, Ján, 1921- (Autore), Sipko, Juraj (Autore), Šalátová, Ružena (Autore), Šurániová, Eva (Autore)
Natura: Libro
Lingua:slovacco
Pubblicazione: Bratislava Elita 1991
Edizione:1. vyd.
Soggetti:
Accesso online:Visualizza in OPAC
Tags: Aggiungi Tag
Nessun Tag, puoi essere il primo ad aggiungerne!!

MARC

LEADER 00000nam a2200000 a 4500
005 20260127134227.0
008 160414s1991 xo 0 slo
015 |a SNBA1991/12 
020 |a 8085323079 
035 |a vtls001066373 
035 |a SNK000009203 
039 9 |a 201911071002  |b AUTHORITY  |c 201604141630  |d VLOAD  |c 201502190954  |d msvkpo04  |c 201306051600  |d VLOAD  |y 200412240156  |z VLOAD 
040 |a SNK  |b slo  |c SNK  |d STUSCHK1  |e AACR2 
041 0 |a slo 
044 |a xo  |c SK 
080 |a 336.76(038)  |2 1. stred. slo 
245 0 |a Kapitálový trh a burzy  |b stručný slovník  |c Ján Kožehuba, Juraj Sipko, Ružena Šalátová, Eva Šurániová 
250 |a 1. vyd. 
260 |a Bratislava  |b Elita  |c 1991  |e Bratislava  |f Danubiaprint 
300 |a 79 s.  |c 20 cm 
500 |a Zozn. hesiel. 
650 0 7 |a [BK]  |2 SNK 
700 1 |a Kožehuba, Ján,  |d 1921-  |4 aut  |9 80 
700 1 |a Sipko, Juraj  |4 aut 
700 1 |a Šalátová, Ružena  |4 aut 
700 1 |a Šurániová, Eva  |4 aut 
910 |a SCHK95 
919 |a 80-85323-07-9 
954 |a trh kapitálový  |a burzy  |a slovníky výkladové 
958 |a TL 
999 |c 7218  |d 7218